| 000 | 00554nam a2200217Ia 4500 | ||
|---|---|---|---|
| 005 | 20260429112144.0 | ||
| 008 | 260429s9999||||xx |||||||||||||| ||und|| | ||
| 020 | _a9781032133942 | ||
| 041 | _aEnglish | ||
| 082 |
_a613.7 _bHUR |
||
| 100 | _aHurst, Philip | ||
| 245 | 0 |
_aPlacebo effects in sport and exercise / _cPhilip Hurst |
|
| 250 | _a1st ed. | ||
| 260 |
_aNew York : _bRoutledge, _c2024. |
||
| 300 | _axii, 186 p.; pbk | ||
| 650 | _a Exercise | ||
| 650 | _a Placebo effects | ||
| 650 | _aSport | ||
| 700 | _a Beedie, Chris | ||
| 942 | _cTB | ||
| 999 |
_c52634 _d52634 |
||